00940cam a2200265 i 4500001000300000003000900003005001700012008003900029015001700068020001500085040003500100080001000135080001200145100004500157245007300202260006900275300003600344504002600380655003000406650001800436650002600454700004000480710005600520856009800576bgKOSZ 00520250626063633.0990703s1999 pl a f f |000 0 pol aPB 1999/9482 a8372070857 aWA NcKOSZ 005/HRdKOSZ 005/HR a519.8 a(075.8)1 aStachurski, Andrzejc(nauki techniczne).10aPodstawy optymalizacji /cAndrzej Stachurski, Andrzej P. Wierzbicki. aWarszawa :bOficyna Wydawnicza Politechniki Warszawskiej,c1999. a232 s. :brys., wykr. ;c24 cm. aBibliogr. s. 220-224. 4aPodręczniki akademickie 4aOptymalizacja 4aProgramowanie liniowe1 aWierzbicki, Andrzej Piotrd(1937- )2 aPolitechnika Warszawska.bOficyna Wydawnicza.4pbl. uhttp://koha.tu.koszalin.pl/cgi-bin/koha/opac-detail.pl?biblionumber=36941yKatalog online BPK